| 000 | 02010 a2200253 4500 | ||
|---|---|---|---|
| 003 | OSt | ||
| 005 | 20180116192346.0 | ||
| 008 | 120530t xxu||||| |||| 00| 0 eng d | ||
| 020 | _a9780810925083 (paperback) | ||
| 020 | _a9780810925083 (paperback) | ||
| 040 | _c0 | ||
| 082 | 0 | 4 | _a746.620 |
| 100 | 1 |
_aMeller, Susan. _92704 |
|
| 245 | 1 | 0 |
_aTextile designs : _btwo hundred years of european and american patterns organized by motif, style, color, layout, and period / _cSusan Meller and Joost Elffers. |
| 260 |
_aNew York : _bHarry N. Abrams, _c2002. |
||
| 300 |
_a464 p. : _bill. ; _c30 cm. |
||
| 520 | _a"Textile Designs is a dazzling, informative fabric encyclopedia of archival beauty. It is a necessary tool for the fashion industry, schools, and libraries." —Women's Wear Daily "An iconography of textile motifs and a vocabulary of pattern. . . . Highly recommended." —Choice Never before have printed textiles been celebrated in a book of this magnitude. Now in paperback, Textile Designs is the indispensable sourcebook for the colorful patterned materials that have been used in fashion and interiors for the past 200 years. Organized not chronologically or geographically but by motif—Floral, Geometric, Conversational, Ethnic, and Art Movements and Period Styles—this bible of textile design presents a stunning cross-section of the materials of everyday life: printed calicos and cottons, flowered cretonnes and chintzes, polka-dot silks and foulards. With its informative text and pattern names provided not only in English but also in French, German, Italian, Spanish, and Japanese, this is a must-have for everyone interested in color and p | ||
| 650 | 1 | 0 |
_aTextile design _xThemes, motives _92705 |
| 650 | 1 | 0 |
_aTextile printing _92706 |
| 700 | 1 |
_aElffers, Joost _92707 |
|
| 856 |
_3Amazon.com _uhttp://www.amazon.com/exec/obidos/ASIN/0810925087/chopacon |
||
| 942 |
_aSADA _cBK _k746.620 MEL 2002 _2ddc |
||
| 999 |
_c352779 _d352779 |
||